Statistiques concernant Les Boulevards et Avenues d'Orléans

Cliquez ici pour prendre le quiz!

Statistiques générales

  • Ce quiz a été pris 14 fois
  • Le résultat moyen est 5 sur 46

Statistiques - réponses

Réponse% Correct
Avenue des Droits de l'Homme
50%
Boulevard Alexandre Martin
43%
Avenue Jean Zay
36%
Avenue de l'Hôpital
29%
Avenue de Paris
29%
Boulevard Marie Stuart
29%
Avenue Dauphine
21%
Avenue de la Libération
21%
Avenue de Saint-Mesmin
21%
Avenue Roger Secrétain
21%
Boulevard de Verdun
21%
Boulevard Rocheplatte
21%
Avenue de la Bolière
14%
Avenue de la Recherche Scientifique
14%
Boulevard de Châteaudun
14%
Boulevard Jean Jaurès
14%
Boulevard Pierre Segrelle
14%
Boulevard Saint-Euverte
14%
Avenue Claude Guillemin
7%
Avenue de Concyr
7%
Avenue de la Mouillère
7%
Avenue de Trévise
7%
Avenue du Champ de Mars
7%
Avenue du Parc Floral
7%
Avenue du Président John Kennedy
7%
Boulevard Aristide Briand
7%
Boulevard de Québec
7%
Boulevard Lamartine
7%
Boulevard Victor Hugo
7%
Avenue Alain Savary
0%
Avenue Buffon
0%
Avenue de la Marne
0%
Avenue de la Pomme de Pin
0%
Avenue de Munster
0%
Avenue Denis Diderot
0%
Avenue de Sologne
0%
Avenue de Wichita
0%
Avenue du Général Duportail
0%
Avenue du Général Patton
0%
Avenue du Parc de l'Étuvée
0%
Avenue Edmond Michelet
0%
Avenue Montesquieu
0%
Avenue Saint-Fiacre
0%
Avenue Voltaire
0%
Boulevard de la Motte Sanguin
0%
Boulevard Guy Marie Robié
0%

Distribution des résultats

Percentile par nombre de réponses

% des personnes avec chaque résultat

Votre développement - résultats

Vous n’avez pas pris ce quiz